000 00931 a2200277 4500
001 38423
005 20260407155647.0
008 260407a1983 arg spa d
003 AR-UNSa-BCEJYS
040 _aAR-UNSa-BCEJYS
_bspa
_cAR-UNSa-BCEJYS
080 _a657.31
_xPresupuestos. Previsiones. Planes financieros. Estado de flujo de efectivo
245 1 0 _aAnálisis y control financiero
020 _a950-9109-22-3
264 1 _aBuenos Aires :
_bTesis
_c1983
300 _a204 p.
_c22 cm.
505 _a1. Costos para el análisis financiero - 2. Análisis a través de indices - 3. Estado de origen y aplicación de fondos -
041 _aspa
942 _cBK
590 _aniveau_biblio:m niveau_hierar:0
100 1 _aRosenzvaig, Alfredo
700 1 _aRebollo, Joaquín M.
700 1 _aCousido, Pablo Guillermo
700 1 _aPassaro, Daniel A.
700 1 _aSchvimer, Daniel
700 1 _aLópez Bayona, Marcelo
999 _c2883
_d2883